The dramatic work / (Record no. 98019)

MARC details
000 -LEADER
campo de control de longitud fija 00517nam a2200157 i 4500
001 - NÚMERO DE CONTROL
campo de control 98019
003 - IDENTIFICADOR DE NÚMERO DE CONTROL
campo de control ES-MaACL
007 - CAMPO FIJO DE DESCRIPCIÓN FÍSICA--INFORMACIÓN GENERAL
campo de control de longitud fija t|
008 - DATOS DE LONGITUD FIJA--INFORMACIÓN GENERAL
campo de control de longitud fija 050721q19001999xxk ||||1| eng d
100 1# - ENTRADA PRINCIPAL--NOMBRE DE PERSONA
Nombre de persona Marlowe, Christopher.
9 (RLIN) 76938
245 14 - MENCIÓN DEL TÍTULO
Título The dramatic work /
Mención de responsabilidad, etc. of Christopher Marlowe; with an introduction from the edition of the rev. Alexander Dyce.
260 ## - PUBLICACIÓN, DISTRIBUCIÓN, ETC.
Lugar de publicación, distribución, etc. London :
Nombre del editor, distribuidor, etc. [s.n.],
Fecha de publicación, distribución, etc. [19--?] (
Fabricante The Riverside Press)
300 ## - DESCRIPCIÓN FÍSICA
Extensión XLV, 448 p. ;
Dimensiones 16 cm.
700 1# - ENTRADA AGREGADA--NOMBRE PERSONAL
Nombre de persona Dyce, Alexander.
9 (RLIN) 46404
852 ## - LOCALIZACIÓN
Ubicación ES-MaACL
Número de control de estantería G-14925
Holdings
Estatus retirado Estado de pérdida Estado de daño No para préstamo Colección Biblioteca de origen Biblioteca actual Ubicación en estantería Fecha de adquisición Fuente de adquisición Total de préstamos Signatura topográfica completa Código de barras Visto por última vez Precio de reemplazo Tipo de ítem Koha
        Libros del s. XIX Biblioteca del Ateneo de Madrid Biblioteca del Ateneo de Madrid Sala Pecera Planta 3 17/01/2008     G-14925 1102323 23/02/2023 23/02/2023 Libro impreso antiguo